000 00587 a2200169 4500
999 _c10193
_d10193
020 _a9780797442856
050 0 0 _aLA1501CHE2011
100 1 _aChemhuru, Oswell H.
_eauthor
245 1 0 _aPhilosophy of education :
_bits relevance to teacher education /
_cOswell H. Chemhuru.
264 _aGweru:
_bBooklove Publishers,
_cc2011
300 _a94 p. ;
500 _awith table of contents
504 _aIncludes bibliographical references (p. 88-90) and index.
650 0 _aEducation
_xPhilosophy.
942 _2lcc
_cBK
_h1502
_iCHE
_kLA